| 000 | 01143nab a2200289 i 4500 | ||
|---|---|---|---|
| 003 | BR-BrBNA | ||
| 005 | 20250618105002.0 | ||
| 008 | 250618b2021 bl.ar|pooa||| 00| 0 eng | | ||
| 040 |
_aBR-BrBNA _beng |
||
| 072 |
_aH60 _b3876 |
||
| 100 | _aJerônimo, Ana Victória | ||
| 100 | _aSilva, Rafael Pires da | ||
| 100 | _aSantos, Paulo Henrique V. dos | ||
| 100 | _aHirata, Andrea Cristina Silva | ||
| 100 | _aMonquero, Patrícia Andrea | ||
| 245 | _aSequencial applications of herbicides in the management of weeds at an advanced stage of development | ||
| 500 | _a Publicação online; 29 ref.; 5 tables; Summaries (En, Pt) | ||
| 650 | _aERVA DANINHA | ||
| 650 | _aVASSOURINHA | ||
| 650 | _aTRAPOERABA | ||
| 650 | _aCONTROLE QUÍMICO | ||
| 650 | _aHERBICIDA | ||
| 773 | 0 |
_03551 _9345999 _dBelém-PA Faculdade de Ciências Agrárias do Pará 1999 _o2024-6648 _tRevista de Ciências Agrárias (Brazil) _x1517-591X Impresso/Versão online ISSN 2177-8760 _gv. 64 p. 1-10; (2021) _wBR2025003906 |
|
| 856 | _uhttps://ajaes.ufra.edu.br/index.php/ajaes/article/view/3394/1622 | ||
| 942 | _cANA | ||
| 999 |
_c332117 _d332117 |
||